Normal view
MARC view
Entry Topical Term
001 - CONTROL NUMBER
- control field: 28022
003 - CONTROL NUMBER IDENTIFIER
- control field: OSt
005 - DATE AND TIME OF LATEST TRANSACTION
- control field: 20211105135128.0
008 - FIXED-LENGTH DATA ELEMENTS
- fixed length control field: 211105|| aca||aabn | a|a d
040 ## - CATALOGING SOURCE
- Original cataloging agency: OSt
- Transcribing agency: OSt
150 ## - HEADING--TOPICAL TERM
- Topical term or geographic name entry element: Halley's Comet
670 ## - SOURCE DATA FOUND
- Source citation: Work cat.: (OSt): ESLAB Symposium on the Exploration of Halley's Comet 20th Germany 1986 Oct. 27-31 28021, Exploration of Halley's comet, 1986